Videodiálogos ética-profesión /

Colección de tres producciones audiovisuales inscritas dentro de un proyecto educativo, cuyo objetivo es trabajar en forma conjunta las clases de ética con las de los saberes generales. Las producciones recogen testimonios de profesores que laboran en el ITESO, ejercen su profesión respectiva en el...

Descripción completa

Guardado en:
Detalles Bibliográficos
Autor principal: Núñez Bustillos, Juan Carlos (realización)
Otros autores: Núñez Bustillos, Juan Carlos (guión) (guión), Aréchiga Corona, Maximiliano (fotógrafo) (fotógrafo), Morales Ramírez, Julio César (fotógrafo) (fotógrafo), Vizcarra Ramírez, Verónica A. (fotógrafo) (fotógrafo), Armengol Alonso, Ana María (montaje) (montaje), Vizcarra Ramírez, Verónica A. (montaje) (montaje), Ramírez Aguilar, Juan Carlos (música) (música)
Formato: Audiovisual
Idioma:Español
Temas:
Etiquetas: Agrega una etiqueta
Sin etiquetas, Sé el primero en etiquetar este registro!

MARC

LEADER 00000ngm^a2200000^a^4500
001 000184536
005 20251020000000.0
009 20260310102119.513
037 |a Acervo ITESO - Biblioteca 
041 |a ESP 
082 |a 174.  |b VID V. 1 
100 |a Núñez Bustillos, Juan Carlos  |e (realización) 
240 1 1 |a [Videodiálogos ética-profesión] 
245 1 0 |a Videodiálogos ética-profesión /  |c Realización de J.C. Núñez Bustillos. 
264 |a Guadalajara, México :  |b ITESO, Centro de Formación Humana,  |c 2004 
264 |a Guadalajara, México :  |b ITESO [distribución],  |c fecha no identificada 
300 |a 1 DVD sin dato de región  |c (34 min.) +  |e 1 hoja 
336 |a imagen móvil bidimensional  |b tdi  |2 rdacontenido 
337 |a video  |b v  |2 rdamedio 
338 |a videodisco  |b vd  |2 rdasoporte 
520 |a Colección de tres producciones audiovisuales inscritas dentro de un proyecto educativo, cuyo objetivo es trabajar en forma conjunta las clases de ética con las de los saberes generales. Las producciones recogen testimonios de profesores que laboran en el ITESO, ejercen su profesión respectiva en el exterior y se han encontrado en algún momento de su trayectoria con dilemas éticos en su desempeño profesional. Participan en el primer tomo el abogado Guillermo Alejandro Gatt Corona, el contador público Rubén Gómez Anzures, el ingeniero civil Luis Manuel Barroso Navarro, el psicólogo y psicoanalista Antonio Sánchez Antillón, el ingeniero electrónico Francisco Rivera Martínez, el arquitecto Juan Lanzagorta Vallín, la publicista y diseñadora Blanca Robles Sánchez, el fotoperiodista Humberto Muñiz Ceja y el mercadólogo José Luis Orozco Martínez, quienes ofrecen sus reflexiones generadas por las siguientes cinco preguntas: ¿qué es la ética?, ¿es necesaria en tu profesión?, ¿con qué frecuencia se presentan situaciones de carácter ético en tu profesión?, ¿cuáles son las situaciones de carácter ético más comunes en tu profesión? y ¿cómo se aprende la ética? La presentación concluye con una interpelación más, dirigida al espectador: ¿y para ti, qué es la ética? 
520 |a Suplementos y características especiales: 1) Hoja con una advertencia escrita. 
649 |a XX 
650 |a Profesores Mexicanos -  |x Entrevistas 
650 |a Educadores Mexicanos -  |x Entrevistas 
650 |a Profesionistas Mexicanos -  |x Entrevistas 
650 |a Etica en los Negocios 
650 |a Etica Jurídica 
650 |a Etica Periodística 
650 |a Etica Profesional -  |x Tema Principal 
650 |a Etica -  |x Estudio y Enseñanza 
650 |a Profesiones 
650 |a Educación Superior 
650 |a Filosofía 
650 |a Barroso Navarro, Luis Manuel 
650 |a Gatt Corona, Guillermo Alejandro 
650 |a Gómez Anzures, Rubén 
650 |a Lanzagorta Vallín, Juan 
650 |a Muñiz Ceja, Humberto 
650 |a Orozco Martínez, José Luis 
650 |a Rivera Martínez, Francisco 
650 |a Robles Sánchez, Blanca 
650 |a Sánchez Antillón, Antonio 
700 |a Núñez Bustillos, Juan Carlos  |e (guión) 
700 |a Aréchiga Corona, Maximiliano  |e (fotógrafo) 
700 |a Morales Ramírez, Julio César  |e (fotógrafo) 
700 |a Vizcarra Ramírez, Verónica A.  |e (fotógrafo) 
700 |a Armengol Alonso, Ana María  |e (montaje) 
700 |a Vizcarra Ramírez, Verónica A.  |e (montaje) 
700 |a Ramírez Aguilar, Juan Carlos  |e (música) 
910 |a Fondo General 
920 |a Audiovisuales - DVDs 
905 |a 302 
901 |a 0500149685  |b IT2  |c DVS  |u 20250521 
901 |a 0500165397  |b IT2  |c MIN  |u 20251020 
902 |a https://opac.biblio.iteso.mx/vufind/Record/000184536